000 03166cam a22012014i 4500
003 PE-LiUPU
005 20250813185549.0
008 150706s2007 ag a r 000 0 spa d
020 _a9507714642
035 _a(Sirsi) i9789507714641
040 _aPE-LiUPU
_bspa
_cPE-LiUPU
_erda
049 _aPRUA
082 0 4 _a371.302 81
_bF76
_221
100 1 _aForero, María Teresa,
_eautor.
245 1 0 _aSistemas y técnicas de estudio :
_bpara saber estudia fácil y rápido! /
_cMaría Teresa Forero.
264 1 _aBuenos Aires :
_bCultura librera Americana,
_c2007.
300 _a136 páginas :
_bilustraciones ;
_c28 centímetros.
336 _atext
_2rdacontent
337 _aunmediated
_2rdamedia
338 _avolume
_2rdacarrier
490 0 _aPrograma de superación estudiantil y personal
505 0 _a¿Para qué estudiamos? -- Administración del tiempo -- atención y concentración -- La memoria -- aprovechar las clases -- Los libros de texto -- El arte de pensar -- Las clases especiales -- Los grupos de estudio -- Los exámenes.
526 _aP202
526 _aP201
526 _aP163
526 _aP162
526 _aP161
526 _aP160
526 _aP148
526 _aP147
526 _aP146
526 _aP145
526 _aP144
526 _aP143
526 _aP142
526 _aP141
526 _aP140
526 _aP139
526 _aP138
526 _aP137
526 _aP136
526 _aP135
526 _aP134
526 _aP133
526 _aP129
526 _aP128
526 _aP127
526 _aP120
526 _aP119
526 _aP118
526 _aP116
526 _aP115
526 _aP114
526 _aP110
526 _aP109
526 _aP108
526 _aP104
526 _aP103
526 _aP102
526 _aP99
526 _aP98
526 _aP97
526 _aP96
526 _aP95
526 _aP93
526 _aP90
526 _aP89
526 _aP88
526 _aP83
526 _aP82
526 _aP62
526 _aP59
526 _aP58
526 _aP57
526 _aP51
526 _aP49
526 _aP48
526 _aP47
526 _aP29
526 _aP24
526 _aP20
526 _aP19
526 _aP17
526 _aP15
526 _aP14
526 _aP12
526 _aP10
526 _aP09
526 _aP08
526 _aP07
526 _aP06
526 _aP05
526 _aP04
526 _aP01
541 _g001-0030831;
650 0 4 _aEducación
_xTécnica de estudio.
910 _agl
_bjv
_cng
_d20091209
942 _2ddc
_cBOOK
949 _a371.302 81 F76
_wDEWEY
_c1
_i60773
_d2016-5-17
_e2016-5-15
_lCCODEBUL1
_mBUL
_n2
_p10.00
_r0
_sY
_tBOOK
_u2015-7-6
_xSALUD
_PP33
_0COMPRA
_o.STAFF. Colección General
994 _aC0
_bPEPRU
596 _a1
999 _a371.302 81 F76
_wDEWEY
_c50153
_i60773
_d50153
_e2018-10-4
_f2021-11-8
_g5
_lCCODEBUL1
_mBUL
_n6
_p10.00
_q2
_r0
_sY
_tBOOK
_u2015-7-6
_xEDUCACION
_PP33
_0COMPRA
_o.STAFF. Colección Ciencias de la Salud
980 _81
_gALBERTO SANCHEZ Responsable de Automatización